Corporate finance

The book provides the modern fundamental of the theory of finance and mkes the theory come to life with contemporary examples. It presents both the theory and practice of corporate finance as the working of a small number of integrated and powerfull intuitions. All of the example, tables, and figure...

全面介紹

Đã lưu trong:
書目詳細資料
主要作者: Ross, Stephen A.
格式: 圖書
語言:Undetermined
出版: Chicago Irwin 1996
主題:
標簽: 添加標簽
沒有標簽, 成為第一個標記此記錄!
Thư viện lưu trữ: Trung tâm Học liệu Trường Đại học Cần Thơ
LEADER 00930nam a2200205Ia 4500
001 CTU_19285
008 210402s9999 xx 000 0 und d
082 |a 658.15 
082 |b R826 
100 |a Ross, Stephen A. 
245 0 |a Corporate finance 
245 0 |c Stephen A. Ross, Jeffrey F. Jaffe, Randolph W. Westerfield 
260 |a Chicago 
260 |b Irwin 
260 |c 1996 
520 |a The book provides the modern fundamental of the theory of finance and mkes the theory come to life with contemporary examples. It presents both the theory and practice of corporate finance as the working of a small number of integrated and powerfull intuitions. All of the example, tables, and figures in the book have been edited to include the most up-to-date revision in laws, regulations, and data. 
650 |a Corporations 
650 |x Finance 
904 |i Minh 
980 |a Trung tâm Học liệu Trường Đại học Cần Thơ